000 00992nam a2200277Ia 4500
003 OSt
005 20220918171048.0
006 a|||||r|||| 00| 0
007 ta
008 220917b |||||||| |||| 00| 0 eng d
020 _a9781138544512 (hbk)
_cUKP 115.00
024 _a348,704
037 _b306, 18/03/2019, Classic Book Service
_cTextual
040 _aARTS
_cARTS
_beng
041 _2eng
_aeng
082 _aR3xM44:g, Q9
100 _aJonas Mark E. Au.
_933748
245 0 _aNietzsche's philosophy of education
_b rethinkin ethics, equality and the good life in a democratic age
260 _aLondon
_bRoutledge UK
_c2019
300 _axiii,195p.
_ccm.
490 _aNew direction in the philosophy of education
650 _aNIETZSCHE, FRIEDRICH; PHILOSOPHERS
_931101
700 _a Yacek Douglas W. Au.
_933749
942 _hR3xM44:g, Q9
_cTEXL
_2CC
999 _c137651
_d137651